000 00707nam a22001935i 4500
001 166920
003 ES-MaACL
005 20230906213428.0
008 011030s1899 fr a |||| | fre d
040 _aCCPB | B
_bspa
_cCCPB | B
100 1 _aVallaux, Camille.
_9112743
245 1 4 _aLes campagnes des armées françaises
_b: 1792-1815 /
_cpar Camille Vallaux.
260 _aParis :
_bAncienne Librairie Germer Baillière & cie., Félix Alcan, éditeur,
_c1899 (
_eChartres :
_fImprimerie Durand)
300 _a362 p. :
_bil. ;
_c19 cm.
650 4 _aBatallas-
_zFrancia-
_y1792-1815.
_9135675
752 _aFrancia -
_dParís
752 _aFrancia -
_dChartres
852 _aES-MaACL
_jG-7239
_z-- Rust.
999 _c166920
_d166920